|
|
|
|
| LEADER |
00000naa0a2200000 4500 |
| 001 |
597304 |
| 005 |
20250205091013.0 |
| 035 |
|
|
|a (RuTPU)RU\TPU\tpu\20538
|
| 035 |
|
|
|a RU\TPU\tpu\17229
|
| 090 |
|
|
|a 597304
|
| 100 |
|
|
|a 20120120d2006 k y0rusy50 ca
|
| 101 |
0 |
|
|a rus
|
| 102 |
|
|
|a RU
|
| 200 |
1 |
|
|a Федор Эдуардович Молин - первый профессор математики в Томске
|f И. Бурдукова
|
| 320 |
|
|
|a Библиогр.: с. 34 (6 назв)
|
| 333 |
|
|
|a В фонде НТБ ТПУ отсутствует
|
| 463 |
|
|
|t Математическое и физическое моделирование задач естествознания
|o сборник материалов IX областной научной конференции школьников, 1-2 ноября 2006 года
|v С. 28-34
|f Том. гос. ун-т, Ин-т образоват. систем РАО, Том. обл. ин-т повышения квалификации и переподгот. работников образования
|d 2006
|
| 600 |
|
1 |
|a Молин
|b Ф. (Т.) Э.
|c российский математик
|c профессор Томского технологического института (1900-1941)
|f 1861-1941
|g Федор (Теодор) Эдуардович
|x TPU
|2 stltpush
|3 (RuTPU)RU\TPU\pers\21843
|9 9182
|
| 610 |
1 |
|
|a труды учёных ТПУ
|
| 700 |
|
1 |
|a Бурдукова
|b И.
|
| 801 |
|
1 |
|a RU
|b 63413507
|c 20100301
|
| 801 |
|
2 |
|a RU
|b 63413507
|c 20120120
|g RCR
|
| 942 |
|
|
|c BK
|